Catálogo

ALFREDO ROBLES DOMINGUEZ EN JORNADA CULMINANTES DE LA REVOLUCION (Registro nro. 2624)

Detalles MARC
000 -LEADER
fixed length control field 00571nam a2200181 a 4500
001 - CONTROL NUMBER
control field 2624
005 - DATE AND TIME OF LATEST TRANSACTION
control field 20180713182609.0
008 - FIXED-LENGTH DATA ELEMENTS--GENERAL INFORMATION
fixed length control field 140415s1974 mx 000 0 spa d
041 ## - LANGUAGE CODE
Language code of text/sound track or separate title spa
082 ## - DEWEY DECIMAL CLASSIFICATION NUMBER
Classification number 972.061
Item number ARE
100 1# - MAIN ENTRY--PERSONAL NAME
Personal name ARENAS GUZMAN, DIEGO
245 10 - TITLE STATEMENT
Title ALFREDO ROBLES DOMINGUEZ EN JORNADA CULMINANTES DE LA REVOLUCION
250 ## - EDITION STATEMENT
Edition statement 1a ed.
260 ## - PUBLICATION, DISTRIBUTION, ETC.
Place of publication, distribution, etc. MEXICO :
Name of publisher, distributor, etc. TALLERES GRAFICOS DE LA NACION,
Date of publication, distribution, etc. 1974
300 ## - PHYSICAL DESCRIPTION
Extent 191
490 ## - SERIES STATEMENT
Series statement BIBL. DEL INSTITUTO NACIONAL DE ESTUDIOS HISTO...
650 14 - SUBJECT ADDED ENTRY--TOPICAL TERM
Topical term or geographic name entry element MEXICO
General subdivision HISTORIA
-- REVOLUCION, 1910
-- 1917
Existencias
Withdrawn status Lost status Source of classification or shelving scheme Damaged status Not for loan Collection code Home library Current library Shelving location Date acquired Source of acquisition Inventory number Total Checkouts Full call number Barcode Date last seen Price effective from Koha item type
    Dewey Decimal Classification     General Biblioteca Karol Wojtyla Biblioteca Karol Wojtyla Sala general 03/12/2013 Compra 151000000000000000037812   972.061 ARE 13472 05/01/2026 03/12/2013 Libro